000 00319nam a22001097a 4500
008 230605b |||||||| |||| 00| 0 eng d
022 _a0578-7661
040 _aNational Science Library
_cNational Science Library
245 _aIron & steel review
260 _aCalcutta:
_bISR Publications Ltd.,
_c1998
942 _cCR
_2udc
999 _c39112
_d39112